Quantum Physics (Record no. 76)

MARC details
000 -LEADER
Fixed length control field 00551nam a2200205 4500
003 - CONTROL NUMBER IDENTIFIER
Control field SEACOMMC
005 - DATE AND TIME OF LATEST TRANSACTION
Control field 20231010085009.0
008 - FIXED-LENGTH DATA ELEMENTS--GENERAL INFORMATION
Fixed length control field 231010b |||||||| |||| 00| 0 eng d
020 ## - INTERNATIONAL STANDARD BOOK NUMBER / ISBN
Price $ 9.95
040 ## - CATALOGING SOURCE
Original cataloging agency SEACOMMC
082 ## - DEWEY DECIMAL CLASSIFICATION NUMBER
Classification number 539
Book Number EIS
100 1# - MAIN ENTRY--PERSONAL NAME
Personal name Eisberg, Robert
245 1# - TITLE STATEMENT
Title Quantum Physics
Sub title of atoms, molecules, solids, nuclei and particles
Statement of responsibility Robert Eisberg and Robert Resnick
250 ## - EDITION STATEMENT
Edition statement 2nd ed.
260 ## - IMPRINT
Place of publication New York
Name of publisher John Wiley
Date of publication 2004
650 ## - SUBJECT ADDED ENTRY--TOPICAL TERM
Topical term Physics
650 ## - SUBJECT ADDED ENTRY--TOPICAL TERM
Topical term Modern physics
700 1# - ADDED ENTRY--PERSONAL NAME
Personal name Resnick, Robert
942 ## - ADDED ENTRY ELEMENTS (KOHA)
Koha item type Books
Holdings
Withdrawn status Lost status Source of classification Damaged status Not for loan Home library Current library Date acquired Total Checkouts Call number Accession number Date last seen Price effective from Koha item type
    Dewey Decimal Classification     SEACOM MANAGEMENT COLLEGE SEACOM MANAGEMENT COLLEGE 22/07/2006   539 EIS 04121 10/10/2023 10/10/2023 Books
© Seacom Engineering College, All rights reserved.    Powered by Koha